00350nam a2200121Ia 450000500170000000800410001708200130005810000210007124500420009226000400013430000200017450000340019420250429093917.0240331s9999 xx 000 0 und d bVENa294 aVengadasami, M.S 0aBuddharin varalaru :bstory of Buddha aChennaibSanthiya Pathippagamc2001 a144 p ., ( B 2) aButharin Varalaaru patriyathu